Изумруд: [сборник]; Олеся; Изумруд; Гранатовый браслет

Bibliographic Details
Main Author: Куприн А. И. Александр Иванович
Other Authors: Этов В. И. (автор предисловия), Ганнушкин А. Е. (иллюстратор)
Language:Russian
Published: Москва, Детская литература, 1988
TOC:Олеся;
Изумруд;
Гранатовый браслет;
Series:Школьная библиотека
Subjects:
Format: Book
KOHA link:https://koha.lib.tpu.ru/cgi-bin/koha/opac-detail.pl?biblionumber=82830

MARC

LEADER 00000nam0a2200000 4500
001 82830
005 20231101213244.0
010 |a 5080017309 
020 |a RU  |b 88-81680 
035 |a (RuTPU)RU\TPU\book\89010 
090 |a 82830 
100 |a 20051006d1988 m y0rusy5003 ca 
101 0 |a rus 
102 |a RU 
105 |a a z 000ay 
200 1 |a Изумруд  |e [сборник]  |f А. И. Куприн  |g [Авт. вступ. ст. В. И. Этов; Худож. А. Ганнушкин] 
210 |a Москва  |c Детская литература  |d 1988 
215 |a 156,[2] с.  |c ил.  |d 20 см 
225 1 |a Школьная библиотека 
464 |t Олеся  |o Повесть 
464 |t Изумруд  |o Рассказ 
464 |t Гранатовый браслет  |o Рассказ 
606 1 |a Русская литература, дореволюционная  |2 stltpush  |3 (RuTPU)RU\TPU\subj\26371  |9 50314 
675 |a Р1  |z rus 
700 1 |a Куприн  |b А. И.  |c русский писатель  |f 1870-1960  |g Александр Иванович  |2 stltpush  |3 (RuTPU)RU\TPU\pers\1015  |9 448 
702 1 |a Этов  |b В. И.  |4 080 
702 1 |a Ганнушкин  |b А. Е.  |4 440 
801 0 |a RU  |b RuMRKP  |c 19950417  |g psbo 
801 1 |a RU  |b 63413507  |c 20051006  |g PSBO 
801 2 |a RU  |b 63413507  |c 20130610  |g PSBO 
942 |c BK